Statistics for I THINK by Tyler, the Creator - Lyrics Quiz

Click here to take the quiz!

General Stats

  • This quiz has been taken 78 times
    (76 since last reset)
  • The average score is 206 of 325

Answer Stats

Answer% Correct
T
100%
I
98%
think
93%
i'm
92%
I'm
92%
This
89%
love
87%
Fall
85%
for
85%
in
84%
real
82%
falling
80%
a
79%
time
79%
it's
75%
know
75%
don't
74%
what
74%
What
74%
you
74%
You
74%
you?
74%
but
70%
is
70%
the
70%
where
69%
your
69%
showing
67%
going
66%
an
64%
so
64%
that
64%
By
62%
me
62%
motive?
61%
are
59%
name
59%
sorry
59%
call
57%
distraction
57%
F**k
57%
not
57%
such
57%
'cause
56%
'Cause
56%
wish
56%
four
54%
Four
54%
that's
54%
apology
51%
Feelings,
51%
How
51%
would
51%
And
49%
and
49%
can
46%
tell
46%
on
43%
wait
41%
Man,
39%
minute
39%
my
38%
okay,
36%
puppet,
36%
am
34%
need
34%
say,
34%
pouring
33%
want
33%
always
31%
curiosity
31%
you're
31%
drive
28%
to
28%
attention
26%
like
26%
off
26%
some
26%
s**t,
26%
up
26%
mind,
25%
notice
25%
fixin'
23%
Leon
23%
Fell
21%
Jim
21%
now
21%
Take
21%
ambiance,
20%
balance,
20%
feline,
20%
Henson
20%
there,
20%
with
20%
gone
18%
hair
18%
killed
18%
pause
18%
bridge
16%
yeah,
16%
yeah
16%
Yeah,
16%
cuckoo
15%
Mess
15%
Ware
15%
boy,
13%
Wasted,
11%
dinner
8%
'em
7%
maybe
7%
cough
5%
Fourin'
5%
on-off
5%
drip
3%
While
3%

Score Distribution

Percentile by Number Answered

Percent of People with Each Score

Your Score History

You have not taken this quiz since the last reset